| 000 | 00565nam a2200145Ia 4500 | ||
|---|---|---|---|
| 008 | 170221s9999 xx 000 0 und d | ||
| 100 | _aRosman Bin Md Yusoff | ||
| 245 | _aInvestigating the Relationship of Employee Empowerment and Sustainable Manufacturing Performance | ||
| 245 | _cRosman Bin Md Yusoff, Amina Imran, Muhammad Imran Qureshi, Abdul Ghafoor Kazi | ||
| 260 | _bInternational Review of Management and Marketing | ||
| 260 | _c2016 | ||
| 300 | _a15 : 20 | ||
| 650 | _xMarketing. | ||
| 856 | _uhttp://www.econjournals.com/index.php/irmm/issue/view/77 | ||
| 999 |
_c312125 _d312125 |
||